000 00821nam a22002897a 4500
001 0110
003 DO-SdBNP
005 20180130111826.0
007 0110
008 151005b1988 sp 00| 0 spa d
020 _a8477222797
040 _aBPMSU
_bspa
_cBPMSU
092 _aXXXX
_bXXXX
100 1 _aAshby, Ruth
240 1 0 _aQuest for king Arthur /
_leng
245 1 3 _aLa leyenda del rey Arturo /
_cRuth Ashby ; ilustraciones Scott Caple ; traducción Antoni Puigrós
260 _aBarcelona :
_bTimun mas,
_c1988.
300 _a124 p. :
_bil.
_c18 cm.
490 1 _aLa maquina del tiempo
_v22
700 1 2 _aPuigrós, Antoni
_etrad.
700 1 2 _aCaple, Scott
_eil.
830 0 _aLa maquina del tiempo
_n22
910 _a202
942 _2ddc
_cBK
945 _aInventariado, 2018/ YL
956 _aYngrid Lockward
_b10
_cBPMSU
999 _c8615
_d8615